Ghadar Movement: (Record no. 211970)
[ view plain ]
| 000 -LEADER | |
|---|---|
| fixed length control field | 00664nam a22001937a 4500 |
| 005 - DATE AND TIME OF LATEST TRANSACTION | |
| control field | 20250626160714.0 |
| 010 ## - LCCN (DPL NO) | |
| LC control number | B-754849-860 CHEN 25.5.23 ENG-145599 |
| 020 ## - INTERNATIONAL STANDARD BOOK NUMBER | |
| International Standard Book Number | 9788123762821 |
| Terms of availability | 90.00 |
| 035 ## - SYSTEM CONTROL NUMBER | |
| System control number | B-754849-860 |
| 035 ## - SYSTEM CONTROL NUMBER | |
| System control number | EN-129131 |
| 037 ## - SOURCE OF ACQUISITION | |
| Source of stock number/acquisition | DBAD |
| 082 ## - DEWEY DECIMAL CLASSIFICATION NUMBER | |
| Classification number | 954.0841 |
| 100 ## - MAIN ENTRY--PERSONAL NAME | |
| Personal name | Puri, Harish K. |
| 245 ## - TITLE STATEMENT | |
| Title | Ghadar Movement: |
| Statement of responsibility, etc | Harish K. Puri |
| Remainder of title | A short History/ |
| 260 ## - PUBLICATION, DISTRIBUTION, ETC. (IMPRINT) | |
| Place of publication, distribution, etc | New Delhi |
| Name of publisher, distributor, etc | National Book Trust, India |
| Date of publication, distribution, etc | 2011 |
| 270 ## - ADDRESS | |
| Address | Nehru Bhawan, 5 Institutional Area, Phase-II Vasant Kunj |
| City | New Delhi |
| Postal code | 110070 |
| 300 ## - PHYSICAL DESCRIPTION | |
| Extent | 168p. |
| Dimensions | 20cm(pb) |
| 942 ## - ADDED ENTRY ELEMENTS (KOHA) | |
| Source of classification or shelving scheme | Dewey Decimal Classification |
| Item type | English Books |
| Call number suffix | PUR |
| Classification part | 954.0841 |
| Withdrawn status | Lost status | Not for loan | Collection code | Home library | Current library | Date acquired | Source of acquisition | Cost, normal purchase price | Full call number | Barcode | Copy number | Cost, replacement price | Koha item type |
|---|---|---|---|---|---|---|---|---|---|---|---|---|---|
| Non-fiction | Mobile Library | Mobile Library | 26/06/2025 | Delivery of Books Act Division | 90.00 | PUR 954.0841 | EN-129131 | 1 | 90.00 | English Books |
